00481nam a2200145Ia 4500008004100000041000800041082001400049100001700063245004500080260002700125300003200152365001200184999001700196952012200213240624s9999 xx 000 0 und d aeng a330.1 PYK aPYKA ANDREAS aRECENT ADVANCES IN NEO SCHUMPETERIAN ECO c2009aUKbEdward Elgar aviii, : 253 : p. : cm. ; 23 cBPSb38 c28363d28363 00104070aIMTNbIMTNcRack 7-Ad2016-12-20eBKIg82.00o330.1 PYKp28363r2024-06-24 00:00:00t88.9w2024-06-24yBK